Riadenie vzťahov so zákazníkom z hľadiska internetového obchodu diplomová práca

Uložené v:
Podrobná bibliografia
Hlavný autor: Pištová, Nikola
Korporativný autor: Obchodná fakulta EU. Katedra marketingu
Ďalší autori: Kita, Pavol
Médium: Kniha
Jazyk:Slovak
Vydavateľské údaje: Bratislava 2015
Tagy: Pridať tag
Žiadne tagy, Buďte prvý, kto otaguje tento záznam!

MARC

LEADER 00000nbm a2200000 4500
001 0201486
005 20161212104240.9
041 0 |a slo 
044 |a SK 
245 1 0 |a Riadenie vzťahov so zákazníkom z hľadiska internetového obchodu  |b diplomová práca  |c Nikola Pištová ; školiteľ: Pavol Kita 
264 1 |a Bratislava  |c 2015 
300 |a 70 s. 
100 1 |a Pištová, Nikola 
700 1 |a Kita, Pavol 
710 2 |a Obchodná fakulta EU. Katedra marketingu